| Tag |
First Indicator |
Second Indicator |
Subfields |
| LEADER |
00000cam a2200000 a 4500 |
| 001 |
in00002783824 |
| 005 |
20171028063744.0 |
| 008 |
120215s2012 nyu d 000 1 eng |
| 010 |
|
|
|a 2011052241
|
| 020 |
|
|
|a 9781416990673 (hardback)
|
| 020 |
|
|
|a 1416990674 (hardback)
|
| 020 |
|
|
|a 9781439157527 (ebook)
|
| 020 |
|
|
|a 1439157529 (ebook)
|
| 020 |
|
|
|a 9781416990680 (paperback)
|
| 020 |
|
|
|a 1416990682 (paperback)
|
| 029 |
1 |
|
|a AU@
|b 000048575385
|
| 029 |
1 |
|
|a NZ1
|b 14282119
|
| 035 |
|
|
|a (OCoLC)ocn742509780
|
| 035 |
|
|
|a (OCoLC)742509780
|
| 040 |
|
|
|a DLC
|b eng
|c DLC
|d IG#
|d BTCTA
|d BDX
|d CO2
|d ON8
|d VP@
|d UIU
|d YDXCP
|d IAD
|d UtOrBLW
|
| 042 |
|
|
|a pcc
|a lcac
|
| 049 |
|
|
|a TXAM
|
| 050 |
0 |
0 |
|a PZ7.M43151
|b Sec 2012
|
| 082 |
0 |
0 |
|a [Fic]
|2 23
|
| 084 |
|
|
|a JUV039050
|a JUV013060
|a JUV039060
|2 bisacsh
|
| 100 |
1 |
|
|a Matson, Morgan.
|
| 245 |
1 |
0 |
|a Second chance summer /
|c Morgan Matson.
|
| 264 |
|
1 |
|a New York :
|b Simon & Schuster Books For Young Readers,
|c [2012]
|
| 264 |
|
4 |
|c ©2012
|
| 300 |
|
|
|a 468 pages ;
|c 22 cm.
|
| 336 |
|
|
|a text
|b txt
|2 rdacontent
|
| 337 |
|
|
|a unmediated
|b n
|2 rdamedia
|
| 338 |
|
|
|a volume
|b nc
|2 rdacarrier
|
| 521 |
1 |
|
|a Ages 12 up.
|
| 520 |
|
|
|a "Taylor Edwards' family might not be the closest-knit--everyone is a little too busy and overscheduled--but for the most part, they get along just fine. Then Taylor's dad gets devastating news, and her parents decide that the family will spend one last summer all together at their old lake house in the Pocono Mountains. Crammed into a place much smaller and more rustic than they are used to, they begin to get to know each other again. And Taylor discovers that the people she thought she had left behind haven't actually gone anywhere. Her former best friend is still around, as is her first boyfriend...and he's much cuter at seventeen than he was at twelve. As the summer progresses and the Edwards become more of a family, they're more aware than ever that they're battling a ticking clock. Sometimes, though, there is just enough time to get a second chance--with family, with friends, and with love"--
|c Provided by publisher.
|
| 650 |
|
1 |
|a Interpersonal relations
|v Fiction.
|
| 650 |
|
1 |
|a Family life
|z Pennsylvania
|v Fiction.
|
| 650 |
|
1 |
|a Terminally ill
|v Fiction.
|
| 650 |
|
1 |
|a Love
|v Fiction.
|
| 651 |
|
1 |
|a Pocono Mountains (Pa.)
|v Fiction.
|
| 650 |
|
7 |
|a JUVENILE FICTION / Social Issues / Emotions & Feelings.
|2 bisacsh
|
| 650 |
|
7 |
|a JUVENILE FICTION / Family / Parents.
|2 bisacsh
|
| 650 |
|
7 |
|a JUVENILE FICTION / Social Issues / Friendship.
|2 bisacsh
|
| 650 |
|
0 |
|a Interpersonal relations
|v Juvenile fiction.
|
| 650 |
|
0 |
|a Families
|z Pennsylvania
|v Juvenile fiction.
|
| 650 |
|
0 |
|a Terminally ill
|v Juvenile fiction.
|
| 650 |
|
0 |
|a Romance fiction.
|
| 651 |
|
0 |
|a Pocono Mountains (Pa.)
|v Juvenile fiction.
|
| 655 |
|
7 |
|a Love stories.
|2 gsafd
|
| 856 |
4 |
2 |
|3 Cover image
|u http://www.netread.com/jcusers2/1247/673/9781416990673/image/lgcover.9781416990673.jpg
|t 0
|
| 938 |
|
|
|a Ingram
|b INGR
|n 9781416990673
|
| 938 |
|
|
|a Brodart
|b BROD
|n 100274641
|c $16.99
|
| 938 |
|
|
|a Baker and Taylor
|b BTCP
|n BK0012322051
|
| 938 |
|
|
|a YBP Library Services
|b YANK
|n 8651034
|
| 947 |
|
|
|a A14835931869
|
| 945 |
|
|
|a PromptCat
|b 99270
|
| 946 |
|
|
|a curr
|
| 994 |
|
|
|a 92
|b TXA
|
| 948 |
|
|
|a Cataloged
|b h
|c 2012/11/21
|d c
|e EGrant
|
| 999 |
|
|
|a MARS
|
| 999 |
f |
f |
|s f7e16aeb-cb56-30c3-ab39-53cfadce12ea
|i d4c92b6c-61ad-3966-998f-9877852800d2
|t 0
|
| 952 |
f |
f |
|p normal
|a Texas A&M University
|b College Station
|c Sterling C. Evans Library
|d Evans: Curriculum Collection (4th floor)
|t 0
|e PZ7.M43151 Sec 2012
|h Library of Congress classification
|i unmediated -- volume
|m A14835931869
|
| 998 |
f |
f |
|a PZ7.M43151 Sec 2012
|t 0
|l Evans: Curriculum Collection (4th floor)
|